Ticari uyuşmazlıklarda ticaret mahkemelerinin görev alanı ve yetki sözleşmesi / (Record no. 200443494)

MARC details
000 -LEADER
fixed length control field 00956nam a2200313 n 4500
001 - CONTROL NUMBER
control field 200443494
003 - CONTROL NUMBER IDENTIFIER
control field TR-IsYBT
005 - DATE AND TIME OF LATEST TRANSACTION
control field 20250829140008.0
007 - PHYSICAL DESCRIPTION FIXED FIELD--GENERAL INFORMATION
fixed length control field ta
008 - FIXED-LENGTH DATA ELEMENTS--GENERAL INFORMATION
fixed length control field 211011s2021$$$$tu $r01 $$$$ tur u
020 ## - INTERNATIONAL STANDARD BOOK NUMBER
International Standard Book Number 9789750267116
040 ## - CATALOGING SOURCE
Original cataloging agency TR-AnTOB
Language of cataloging tur
Transcribing agency TR-AnTOB
Description conventions rda
041 0# - LANGUAGE CODE
Language code of text/sound track or separate title Türkçe
044 ## - COUNTRY OF PUBLISHING/PRODUCING ENTITY CODE
ISO country code tu
050 00 - LIBRARY OF CONGRESS CALL NUMBER
Classification number KKX920
090 00 - LOCALLY ASSIGNED LC-TYPE CALL NUMBER (OCLC); LOCAL CALL NUMBER (RLIN)
Classification number (OCLC) (R) ; Classification number, CALL (RLIN) (NR) KKX920
Local cutter number (OCLC) ; Book number/undivided call number, CALL (RLIN) .Ş46t 2021
100 1# - MAIN ENTRY--PERSONAL NAME
Personal name Şener, Oruç Hami
9 (RLIN) 73161
245 1# - TITLE STATEMENT
Title Ticari uyuşmazlıklarda ticaret mahkemelerinin görev alanı ve yetki sözleşmesi /
Statement of responsibility, etc. Oruç Hami Şener.
264 #1 - PRODUCTION, PUBLICATION, DISTRIBUTION, MANUFACTURE, AND COPYRIGHT NOTICE
Place of production, publication, distribution, manufacture Ankara :
Name of producer, publisher, distributor, manufacturer Seçkin Yayıncılık,
Date of production, publication, distribution, manufacture, or copyright notice 2021.
300 ## - PHYSICAL DESCRIPTION
Extent xvi, 334 pages ;
Dimensions 25 cm
336 ## - CONTENT TYPE
Source rdacontent
Content type code txt
Content type term text
337 ## - MEDIA TYPE
Source rdamedia
Media type code n
Media type term unmediated
338 ## - CARRIER TYPE
Source rdacarrier
Carrier type code nc
Carrier type term volume
490 0# - SERIES STATEMENT
Series statement Hukuk no ;
Volume/sequential designation 2680.
500 ## - GENERAL NOTE
General note Includes bibliographical references and indexes.
650 #7 - SUBJECT ADDED ENTRY--TOPICAL TERM
Topical term or geographic name entry element Ticaret hukuku
Geographic subdivision Türkiye
Source of heading or term etuturkob
9 (RLIN) 34380
942 ## - ADDED ENTRY ELEMENTS (KOHA)
Source of classification or shelving scheme Library of Congress Classification
Koha item type Book
Holdings
Withdrawn status Lost status Source of classification or shelving scheme Not for loan Collection code Home library Current library Shelving location Date acquired Source of acquisition Cost, normal purchase price Inventory number Total Checkouts Full call number Barcode Date last seen Cost, replacement price Date shelved Koha item type
    Library of Congress Classification Ödünç Verilebilir / Available Genel Koleksiyon Merkez Kütüphane Merkez Kütüphane Genel Koleksiyon / Main Collection 29/09/2021 Satın Alma / Purchase 104.00 HUK   KKX920 .Ş46t 2021 0063978 29/09/2021 104.00 21/10/2021 Book
Devinim Yazılım Eğitim Danışmanlık tarafından Koha'nın orjinal sürümü uyarlanarak geliştirilip kurulmuştur.